टी.एस.इलियट दि वेस्ट लैंड एवं अन्य कविताएं / (Record no. 14207)

MARC details
000 -LEADER
fixed length control field 01196nam a22002417a 4500
005 - DATE AND TIME OF LATEST TRANSACTION
control field 20080703144851.0
008 - FIXED-LENGTH DATA ELEMENTS--GENERAL INFORMATION
fixed length control field 080703t xxu||||| |||| 00| p hin d
010 ## - LIBRARY OF CONGRESS CONTROL NUMBER
LC control number HIN-83738
020 ## - INTERNATIONAL STANDARD BOOK NUMBER
Terms of availability 290.00
International Standard Book Number 9788190423830
035 ## - SYSTEM CONTROL NUMBER
System control number HN-56084
037 ## - SOURCE OF ACQUISITION
Source of stock number/acquisition DBAD / PUB
040 ## - CATALOGING SOURCE
Original cataloging agency DPL
Language of cataloging HN
082 ## - DEWEY DECIMAL CLASSIFICATION NUMBER
Classification number 881
245 ## - TITLE STATEMENT
Title टी.एस.इलियट दि वेस्ट लैंड एवं अन्य कविताएं /
Statement of responsibility, etc केशव प्रसाद द्वारा अनुदित
246 ## - VARYING FORM OF TITLE
Title proper/short title T.S.Eliot the West land and Other Poems
Remainder of title analysed and translated by Keshava Prasad
260 ## - PUBLICATION, DISTRIBUTION, ETC. (IMPRINT)
Place of publication, distribution, etc दिल्ली
Name of publisher, distributor, etc आकृति प्रकाशन
Date of publication, distribution, etc 2008
270 ## - ADDRESS
Address एफ-29, सादतपुर एक्स
City दिल्ली
Postal code 110094
Telephone number 011- 22964516
300 ## - PHYSICAL DESCRIPTION
Extent 175पृ
Dimensions 22सेमी(सजिल्द)
Other physical details सचित्र
650 ## - SUBJECT ADDED ENTRY--TOPICAL TERM
Topical term or geographic name as entry element English Poetry
700 ## - ADDED ENTRY--PERSONAL NAME
Personal name केशव प्रसाद
942 ## - ADDED ENTRY ELEMENTS (KOHA)
Source of classification or shelving scheme Dewey Decimal Classification
Koha item type Hindi Books
Classification part 881
Call number suffix टीएस
Holdings
Withdrawn status Lost status Damaged status Not for loan Collection code Home library Current library Date acquired Source of acquisition Cost, normal purchase price Total Checkouts Full call number Barcode Date last seen Cost, replacement price Price effective from Koha item type
      Not For Loan Non-fiction D.B.Act.Division D.B.Act.Division 03/07/2008 पु.प्र.अ.प्र /प्रका 290.00   821 टीएस HN-56084 15/09/2008 290.00 15/09/2008 Hindi Books

© Delhi Public Library
Hit Counter
free hit counter